000 00742nam a2200253Ia 4500
003 OSt
005 20220924124002.0
006 a|||||r|||| 00| 0
007 ta
008 220923b |||||||| |||| 00| 0 san d
020 _c675
024 _a283457
037 _b4279, 18/12/2014, Meharchand Lachhmandas Publications
_cTextual
040 _aARTS
_cARTS
_bsan
041 _2san
_asan
082 _aQ11:21, M1
100 _aParmanand
245 0 _aRgvedi bhasya bhumika
260 _aNew Delhi
_b Meharchand Lachhmandas India
_c1981
300 _a496p.
_ccm.
650 _aRELIGION
942 _hQ11:21, M1
_cTEXL
_2CC
999 _c417946
_d417946